Countries with embassies and consulates in Kosovo - Statistics

General Stats
  • This quiz has been taken 110 times
  • The average score is 19 of 21
Answer Stats
Continent Country % Correct
North America United States of America
97%
Europe France
96%
Europe Albania
95%
Europe Germany
95%
Europe Croatia
93%
Europe United Kingdom
93%
Europe Italy
91%
Asia/ Europe Turkey
91%
Europe Montenegro
90%
Europe Sweden
90%
Europe Austria
89%
Europe Switzerland
89%
Europe Czech Republic
87%
Europe Hungary
87%
Europe Bulgaria
86%
Europe Finland
86%
Europe Norway
86%
Europe Macedonia
85%
Europe Slovenia
84%
Europe the Netherlands
84%
Europe Luxembourg
55%
No matching quizzes found
Score Distribution
Percent of People with Each Score
Percentile by Number Answered
Your Score History
You have not taken this quiz